| Tag |
First Indicator |
Second Indicator |
Subfields |
| LEADER |
00000cam a2200000 i 4500 |
| 001 |
in00005772845 |
| 005 |
20260327175525.3 |
| 006 |
m o d |
| 007 |
cr cn||||||||| |
| 008 |
240217t20252025paua ob 001 0 eng d |
| 040 |
|
|
|a OCLKB
|b eng
|e rda
|e pn
|c OCLKB
|d USU
|d NUI
|d INM
|d OPELS
|d OCLCO
|d ZNT
|d CUV
|d OCLCL
|d VRC
|d OCLCG
|
| 020 |
|
|
|a 9780323930482
|q (electronic book)
|
| 020 |
|
|
|a 0323930484
|q (electronic book)
|
| 020 |
|
|
|z 9780323930475
|q (paperback)
|
| 020 |
|
|
|z 0323930476
|q (paperback)
|
| 035 |
|
|
|a (OCoLC)1422279347
|
| 050 |
|
4 |
|a RC889
|b .A397 2024
|
| 060 |
|
4 |
|a WJ 709
|
| 082 |
0 |
4 |
|a 616.6/921
|2 23/eng/20240329
|
| 049 |
|
|
|a TXAM
|
| 100 |
1 |
|
|a Agarwal, Ashok
|c (Physician),
|e author.
|1 https://id.oclc.org/worldcat/entity/E39PCjKBGQyy34vc9XdHmwG8md
|
| 245 |
1 |
0 |
|a Male infertility :
|b management of infertile men in reproductive medicine /
|c Ashok Agarwal, Florence Boitrelle, Panagiotis Drakopoulos, Hassan Nooman Sallam, Ramadan Saleh.
|
| 264 |
|
1 |
|a Philadelphia, PA :
|b Elsevier,
|c [2025]
|
| 264 |
|
4 |
|c ©2025
|
| 300 |
|
|
|a 1 online resource (xxiv, 396 pages) :
|b illustrations (chiefly color)
|
| 336 |
|
|
|a text
|b txt
|2 rdacontent
|
| 337 |
|
|
|a computer
|b c
|2 rdamedia
|
| 338 |
|
|
|a online resource
|b cr
|2 rdacarrier
|
| 340 |
|
|
|g polychrome
|2 rdacc
|
| 340 |
|
|
|g monochrome
|2 rdacc
|
| 340 |
|
|
|2 rdaill
|
| 353 |
|
|
|a bibliography
|b bibliography
|0 http://id.loc.gov/vocabulary/msupplcont/bibliography
|
| 505 |
0 |
|
|a Definition, epidemiology, and implications of male infertility -- Causes of male infertility -- Diagnosis of male infertility -- Medical treatment of male infertility -- Surgical treatment of male infertility -- Assisted reproduction -- Clinical practice guidelines for male infertility -- Insights into the future of male infertility.
|
| 520 |
|
|
|a Despite the fact that about half of infertility problems stem from male factors, gynecologists are often the first health care providers to perform the initial assessment of the infertile couple. For this reason, it is critical that gynecologists and reproductive medicine specialists remain up to date on the primary conditions that cause male infertility, as well as current diagnostic tools and treatment options of both natural and assisted conception. From diagnosis through treatment, Male Infertility: Management of Infertile Men in Reproductive Medicine offers expert, straightforward guidance on the pathophysiology and management of male infertility for clinicians who assist couples early in the process of trying to conceive.
|
| 504 |
|
|
|a Includes bibliographical references and index.
|
| 588 |
0 |
|
|a Online resource; title from table of contents page (Elsevier ClinicalKey, viewed March 25, 2024).
|
| 650 |
|
0 |
|a Infertility, Male.
|
| 650 |
|
0 |
|a Reproductive health.
|
| 650 |
|
2 |
|a Infertility, Male
|
| 650 |
|
2 |
|a Andrology
|
| 650 |
|
2 |
|a Reproductive Health
|
| 650 |
|
2 |
|a Reproductive Medicine
|
| 650 |
|
6 |
|a Infertilité masculine.
|
| 650 |
|
6 |
|a Santé de la reproduction.
|
| 650 |
|
7 |
|a Esterilidad
|2 embne
|
| 650 |
|
7 |
|a Salud reproductiva
|2 embne
|
| 655 |
|
7 |
|a Electronic books.
|2 local
|
| 700 |
1 |
|
|a Boitrelle, Florence,
|e author.
|
| 700 |
1 |
|
|a Drakopoulos, Panagiotis,
|e author.
|
| 700 |
1 |
|
|a Sallam, Hassan N.,
|e author.
|1 https://id.oclc.org/worldcat/entity/E39PCjrTcg3GVP7jTFT9XFqvpP
|
| 700 |
1 |
|
|a Saleh, Ramadan,
|e author.
|
| 710 |
2 |
|
|a ScienceDirect (Online service)
|
| 776 |
0 |
8 |
|i Print version:
|a Agarwal, Ashok (Physician)
|t Male infertility
|d Philadelphia, PA : Elsevier, [2025]
|z 9780323930475
|w (OCoLC)1396252938
|
| 856 |
4 |
0 |
|u http://proxy.library.tamu.edu/login?url=https://www.sciencedirect.com/science/book/9780323930475
|z Connect to the full text of this electronic book
|t 0
|
| 955 |
|
|
|a Elsevier ScienceDirect 2026-2027
|
| 994 |
|
|
|a 92
|b TXA
|
| 999 |
f |
f |
|i 1e397f7f-f90c-422d-b11f-e92e0b820662
|s 1c3a038e-a681-43ab-8ed9-225fda5a2eb2
|t 0
|
| 952 |
f |
f |
|a Texas A&M University
|b College Station
|c Electronic Resources
|s www_evans
|d Available Online
|t 0
|e RC889 .A397 2024
|h Library of Congress classification
|
| 998 |
f |
f |
|a RC889 .A397 2024
|t 0
|l Available Online
|